|
|
|
|
| LEADER |
00823nam a22002057a 4500 |
| 008 |
170110b xxu||||| |||| 00| 0 mal d |
| 020 |
|
|
|c INR28
|
| 041 |
|
|
|a mal
|
| 082 |
|
|
|a 398.8
|
| 100 |
|
|
|a Vishnu Namboothiri, M. V.
|
| 245 |
|
|
|a Thiruvarkattu Bhagavathithottam /
|c M.V. Vishnu Namboothiri,
|
| 260 |
|
|
|a Kottayam :
|b Sahithya pravarthaka sahakarana sangham,
|b National Book Stall
|c 1993.
|
| 300 |
|
|
|a 62 p. ;
|
| 546 |
|
|
|a Malayalam
|
| 653 |
|
|
|a Folksongs
|
| 653 |
|
|
|a Folklore
|
| 942 |
|
|
|c BK
|
| 999 |
|
|
|c 287349
|d 287349
|
| 952 |
|
|
|0 0
|1 0
|4 0
|6 398_800000000000000_VIS_T
|7 0
|9 326211
|a FLK
|b FLK
|c ST1
|d 2017-01-10
|e BK
|g 28.00
|i 25
|l 0
|o 398.8 VIS/T
|p FLK25
|r 2017-01-10
|w 2017-01-10
|y BK
|
| 952 |
|
|
|0 0
|1 0
|2 ddc
|4 0
|6 398_800000000000000_VIS_T
|7 0
|9 406199
|a FLK
|b FLK
|c ST1
|d 2020-07-13
|g 28.00
|i 811
|l 0
|o 398.8 VIS/T
|p FLK811
|r 2020-07-13
|w 2020-07-13
|y BK
|